The rising of the Moon : (Record no. 1487)
[ view plain ]
| 000 -LEADER | |
|---|---|
| fixed length control field | 00840cam a2200265 i 4500 |
| 001 - CONTROL NUMBER | |
| control field | 1839664 |
| 003 - CONTROL NUMBER IDENTIFIER | |
| control field | GBCCL |
| 005 - DATE AND TIME OF LATEST TRANSACTION | |
| control field | 20241126110402.0 |
| 008 - FIXED-LENGTH DATA ELEMENTS--GENERAL INFORMATION | |
| fixed length control field | 810114s1980 enk b 000 0 eng |
| 010 ## - | |
| -- | 80515319 |
| 015 ## - | |
| -- | GB80-11745 |
| 020 ## - INTERNATIONAL STANDARD BOOK NUMBER | |
| International Standard Book Number | 0851102360 (pbk.) : |
| Terms of availability | £0.60 |
| 040 ## - CATALOGING SOURCE | |
| Original cataloging agency | DLC |
| Transcribing agency | DLC |
| Modifying agency | DLC |
| 050 00 - | |
| -- | BX9750.S4 |
| -- | A44 |
| 082 00 - DEWEY DECIMAL CLASSIFICATION NUMBER | |
| Classification number | 289.96 |
| Item number | ALL |
| 100 1# - MAIN ENTRY--PERSONAL NAME | |
| Personal name | Allan, John, |
| Dates associated with a name | 1950- |
| 9 (RLIN) | 2980 |
| 245 14 - TITLE STATEMENT | |
| Title | The rising of the Moon : |
| Remainder of title | an examination of Sun Myung Moon and his Unification Church / |
| Statement of responsibility, etc. | [by] John Allan. |
| 260 ## - PUBLICATION, DISTRIBUTION, ETC. | |
| Place of publication, distribution, etc. | Leicester : |
| Name of publisher, distributor, etc. | Inter-Varsity Press, |
| Date of publication, distribution, etc. | 1980. |
| 300 ## - PHYSICAL DESCRIPTION | |
| Extent | 62 p. ; |
| Dimensions | 18 cm. |
| 504 ## - BIBLIOGRAPHY, ETC. NOTE | |
| Bibliography, etc. note | Bibliography: p. 62. |
| 600 10 - SUBJECT ADDED ENTRY--PERSONAL NAME | |
| Personal name | Moon, Sun Myung. |
| 9 (RLIN) | 2981 |
| 610 20 - SUBJECT ADDED ENTRY--CORPORATE NAME | |
| Corporate name or jurisdiction name as entry element | Unification Church |
| General subdivision | Controversial literature. |
| 9 (RLIN) | 2982 |
| 906 ## - LOCAL DATA ELEMENT F, LDF (RLIN) | |
| a | 7 |
| b | cbc |
| c | orignew |
| d | 4 |
| e | ncip |
| f | 19 |
| g | y-gencatlg |
| 942 ## - ADDED ENTRY ELEMENTS (KOHA) | |
| Source of classification or shelving scheme | Dewey Decimal Classification |
| Koha item type | Books |
| Withdrawn status | Lost status | Source of classification or shelving scheme | Damaged status | Not for loan | Home library | Current Library | Shelving location | Date acquired | Total checkouts | Full call number | Barcode | Date last seen | Copy number | Price effective from | Koha item type |
|---|---|---|---|---|---|---|---|---|---|---|---|---|---|---|---|
| Dewey Decimal Classification | GRACE BIBLE COLLEGE | GRACE BIBLE COLLEGE | Church History | 2017-05-02 | 289.96 ALL | 002418 | 2025-05-01 | c.1 | 2017-05-02 | Books |